| 000 | 00907nam a2200229 a 4500 | ||
|---|---|---|---|
| 001 | 48494 | ||
| 003 | BD-RjUL | ||
| 005 | 20211209054532.0 | ||
| 008 | 160814s1969 bg ||||| |||| 00| 0 ben d | ||
| 020 | _cTK:4.50 | ||
| 035 | _a(BD-RjUL)48613 | ||
| 040 |
_aBD-RjUL _bben _cBD-RjUL |
||
| 041 | _aben | ||
| 082 |
_223 _a891.44409 _bCHS 1969 |
||
| 100 |
_aচৌধুরী, মোফাজ্জল হায়দার _9146609 |
||
| 245 |
_aসাহিত্যের নব রুপায়ন / _cমোফাজ্জল হায়দার চৌধুরী |
||
| 260 |
_aঢাকা : _bমাওলা ব্রাদার্স, _c১৯৬৯ |
||
| 300 |
_a১৫৩ পৃ. ; _c২২ সেমি. |
||
| 650 |
_2বাংলা প্রবন্ধ _xইতিহাস ও সমালোচনা _9146610 |
||
| 650 |
_aBengali essays _xHistory and critism _9146611 |
||
| 942 |
_2ddc _cBK |
||
| 999 |
_c48494 _d48494 |
||